[Event "Oslo Chess International 2014"]
[Site "Oslo"]
[Date "2014.09.28"]
[Round "6"]
[White "Werle, Jan"]
[Black "Istratescu, Andrei"]
[Result "1/2-1/2"]
[WhiteElo "2523"]
[BlackElo "2653"]
[PlyCount "85"]
[EventDate "2014.??.??"]

1. d4 Nf6 2. c4 e6 3. Nf3 d5 4. Nc3 Bb4 5. cxd5 exd5 6. Bg5 h6 7. Bh4 c5 8. e3
c4 9. Bxf6 Qxf6 10. g3 Nc6 11. Bg2 O-O 12. O-O Rd8 13. Nd2 Be6 14. a3 Bxc3 15.
bxc3 Qe7 16. e4 Qd7 17. Re1 Ne7 18. a4 b6 19. Qc2 Rac8 20. Nf1 dxe4 21. Bxe4
Bd5 22. Ne3 Bxe4 23. Qxe4 Re8 24. Qf3 Rc6 25. Ng4 Ng6 26. Rxe8+ Qxe8 27. Ne3
Nf8 28. d5 Rc8 29. Qg4 Ng6 30. Nxc4 Rc5 31. d6 Nf8 32. Ne3 Qc8 33. Qd1 Qc6 34.
c4 Nd7 35. Ra2 Qe4 36. Rd2 Rc8 37. Rd4 Qe6 38. Qf3 Nc5 39. Nf5 Kh7 40. Qd5 Rd8
41. Qf3 Qf6 42. Qh5 Qg6 43. Qxg6+
1/2-1/2

[Event "Oslo Chess International 2014"]
[Site "Oslo"]
[Date "2014.09.28"]
[Round "6"]
[White "Romanov, Evgeny"]
[Black "Andersen, Mads"]
[Result "1-0"]
[WhiteElo "2647"]
[BlackElo "2470"]
[PlyCount "119"]
[EventDate "2014.??.??"]

1. d4 d5 2. c4 c6 3. Nf3 Nf6 4. e3 e6 5. b3 Nbd7 6. Bd3 b6 7. O-O Bb7 8. Bb2
Bd6 9. Nc3 O-O 10. Qe2 Qe7 11. Rad1 Rfe8 12. e4 dxe4 13. Bxe4 Rad8 14. Bb1 c5
15. Nb5 Bb8 16. dxc5 Nxc5 17. Ne5 a6 18. Nd4 Qc7 19. f4 Ncd7 20. Ndf3 Bxf3 21.
Nxf3 Qxf4 22. Rd4 Qc7 23. Rh4 e5 24. g4 Qc5+ 25. Kh1 e4 26. Nd4 Be5 27. b4 Qd6
28. g5 Bxd4 29. Rd1 Qe5 30. Bxd4 Qxg5 31. Rh3 Qg4 32. Qf1 Nh5 33. Re1 f5 34.
Bc2 Ndf6 35. Bxb6 Rd2 36. Bd1 Qg6 37. Be3 Rd3 38. Bc2 Rc3 39. Bb3 f4 40. Bd4
Rxh3 41. Qxh3 e3 42. c5+ Kh8 43. Qg2 Ng4 44. Bd5 Nf2+ 45. Kg1 Nd3 46. Re2 Nxb4
47. Bf3 Nf6 48. Qxg6 hxg6 49. a3 Nbd5 50. h4 Kg8 51. c6 Nc7 52. Rc2 Kf7 53. Kf1
Ke6 54. Rc4 Nfd5 55. Bxg7 Rb8 56. Re4+ Kd6 57. Be5+ Kxc6 58. Rxf4 Kc5 59. Ra4
Ne6 60. Bxb8
1-0

[Event "Oslo Chess International 2014"]
[Site "Oslo"]
[Date "2014.09.28"]
[Round "6"]
[White "Rozentalis, Eduardas"]
[Black "Papp, Gabor"]
[Result "1/2-1/2"]
[WhiteElo "2615"]
[BlackElo "2559"]
[PlyCount "47"]
[EventDate "2014.??.??"]

1. e4 c5 2. Nf3 e6 3. c3 d5 4. exd5 Qxd5 5. d4 Nf6 6. Bd3 Be7 7. O-O O-O 8. Qe2
Rd8 9. Rd1 cxd4 10. cxd4 Nc6 11. Nc3 Qh5 12. Ne4 Nxe4 13. Bxe4 Nb4 14. Bf4 Nd5
15. Be5 f6 16. Bg3 Bd7 17. Bc2 Rac8 18. Bb3 Bf8 19. a3 Re8 20. Re1 Kh8 21. h3
Bc6 22. Qd3 Rcd8 23. Rad1 a6 24. Nd2
1/2-1/2

[Event "Oslo Chess International 2014"]
[Site "Oslo"]
[Date "2014.09.28"]
[Round "6"]
[White "Hansen, Torbjørn R."]
[Black "Prohaszka, Peter"]
[Result "1/2-1/2"]
[WhiteElo "2476"]
[BlackElo "2588"]
[PlyCount "47"]
[EventDate "2014.??.??"]

1. e4 c6 2. Nf3 d5 3. Nc3 dxe4 4. Nxe4 Nf6 5. Nxf6+ exf6 6. d4 Bd6 7. Bd3 O-O
8. O-O Re8 9. h3 Nd7 10. c4 Nf8 11. Qc2 Be6 12. Bf5 Qd7 13. Bxe6 fxe6 14. Be3
Rad8 15. Rfd1 Bb8 16. Rd2 Qf7 17. Rad1 Rd7 18. a4 a5 19. d5 exd5 20. cxd5 cxd5
21. Qc5 Bc7 22. Rxd5 Rxd5 23. Qxd5 Rd8 24. Qxf7+
1/2-1/2

[Event "Oslo Chess International 2014"]
[Site "Oslo"]
[Date "2014.09.28"]
[Round "6"]
[White "Turov, Maxim"]
[Black "Svane, Rasmus"]
[Result "1/2-1/2"]
[WhiteElo "2586"]
[BlackElo "2506"]
[PlyCount "101"]
[EventDate "2014.??.??"]

1. Nf3 Nf6 2. g3 b6 3. Bg2 Bb7 4. O-O g6 5. d4 Bg7 6. c4 O-O 7. d5 Na6 8. Nd4
Nc5 9. Nc3 e5 10. Nc2 d6 11. e4 a5 12. Bg5 Qd7 13. Qd2 Rae8 14. Rab1 Nh5 15.
Bf3 f5 16. exf5 Qxf5 17. Bxh5 gxh5 18. f3 Qg6 19. Be3 Bc8 20. Bxc5 bxc5 21. Ne4
Rf7 22. Qe2 Bh3 23. Rf2 Ref8 24. Ne3 Bg4 25. Nxg4 hxg4 26. Rbf1 Rf4 27. Qc2
Rxf3 28. Qe2 Qh5 29. Kg2 Qh3+ 30. Kg1 Qh5 31. Kg2 Rxf2+ 32. Rxf2 Qg6 33. Rxf8+
Kxf8 34. h3 gxh3+ 35. Kxh3 Qh6+ 36. Kg2 Qg6 37. Kh3 Qh6+ 38. Kg2 Qg6 39. Kf2
Bh6 40. Ke1 Ke7 41. Kd1 Qf5 42. Kc2 Bg5 43. Kb3 h6 44. a3 Qh3 45. Qf3 Qh2 46.
Qg4 a4+ 47. Kxa4 Qxb2 48. Nxg5 Qc2+ 49. Ka5 hxg5 50. Qxg5+ Kd7 51. Qg4+
1/2-1/2

[Event "Oslo Chess International 2014"]
[Site "Oslo"]
[Date "2014.09.28"]
[Round "6"]
[White "Galyas, Miklos"]
[Black "Solodovnichenko, Yuri"]
[Result "1/2-1/2"]
[WhiteElo "2421"]
[BlackElo "2566"]
[PlyCount "49"]
[EventDate "2014.??.??"]

1. d4 d5 2. c4 e6 3. Nc3 c6 4. e3 Bd6 5. Nf3 f5 6. Ne5 Nf6 7. f4 O-O 8. Be2 b6
9. O-O Bb7 10. b3 c5 11. Ba3 Nc6 12. Rc1 Nb4 13. cxd5 Nfxd5 14. Nxd5 Nxd5 15.
Nc4 Be7 16. dxc5 bxc5 17. Bf3 Qc7 18. Bb2 Rad8 19. Qe2 Ba6 20. Rfd1 Nb6 21. Be5
Qc8 22. Qb2 Rxd1+ 23. Bxd1 Nxc4 24. bxc4 Bf6 25. Bxf6
1/2-1/2

[Event "Oslo Chess International 2014"]
[Site "Oslo"]
[Date "2014.09.28"]
[Round "6"]
[White "Hjelmås, Lars"]
[Black "Elsness, Frode"]
[Result "1/2-1/2"]
[WhiteElo "2302"]
[BlackElo "2465"]
[PlyCount "43"]
[EventDate "2014.??.??"]

1. d4 Nf6 2. c4 e6 3. Nc3 Bb4 4. e3 c5 5. Bd3 Nc6 6. Nf3 Bxc3+ 7. bxc3 d6 8.
O-O e5 9. Nd2 O-O 10. f4 cxd4 11. cxd4 exd4 12. e4 Re8 13. Rb1 Nd7 14. Nb3 Nc5
15. Nxc5 dxc5 16. Qh5 Qe7 17. e5 g6 18. Qh6 Qf8 19. Qh4 Qe7 20. Qh6 Qf8 21. Qh4
Qe7 22. Qh6
1/2-1/2

[Event "Oslo Chess International 2014"]
[Site "Oslo"]
[Date "2014.09.28"]
[Round "6"]
[White "Tari, Aryan"]
[Black "Manea, Alexandru"]
[Result "1/2-1/2"]
[WhiteElo "2456"]
[BlackElo "2368"]
[PlyCount "237"]
[EventDate "2014.??.??"]

1. e4 c5 2. Nf3 e6 3. d4 cxd4 4. Nxd4 Nc6 5. Nc3 Qc7 6. Be3 Nf6 7. f4 Nxd4 8.
Qxd4 b6 9. O-O-O Bb7 10. Be2 Bc5 11. Qd3 Ba6 12. Qd2 Bxe3 13. Qxe3 Bxe2 14.
Nxe2 Rc8 15. Nc3 O-O 16. Rd2 d6 17. Rhd1 Rfd8 18. Qe2 Ne8 19. Rd4 Rd7 20. e5
Qc6 21. f5 exf5 22. exd6 Nf6 23. Nd5 Nxd5 24. Rxd5 g6 25. R1d4 Rcd8 26. Qe5 Qc8
27. Qe2 Qc6 28. Qd3 Re8 29. b3 Re6 30. Kb2 h5 31. g3 Kh7 32. a4 Qc8 33. Qc3 Qd8
34. Qc6 Re2 35. h4 Re3 36. Rd3 Re1 37. a5 Re6 38. axb6 axb6 39. R5d4 Kg7 40. b4
Kh7 41. Rd1 Kg7 42. Kb3 Kh7 43. R4d3 Kg8 44. c4 Kh7 45. c5 bxc5 46. Qxc5 Qb8
47. Qc6 Qa7 48. Qa4 Qb7 49. Qa5 Qb8 50. Qc5 Qa8 51. R3d2 Qf3+ 52. Rd3 Qa8 53.
Qf2 Qb8 54. Rd4 Rdxd6 55. Rxd6 Rxd6 56. Qf4 Rb6 57. Qxb8 Rxb8 58. Rd5 Kg7 59.
b5 Kf6 60. Kb4 Ke6 61. Rd4 f6 62. Kc5 g5 63. b6 Ke5 64. Rb4 f4 65. gxf4+ gxf4
66. Kc6 f3 67. Kc7 Rg8 68. b7 f2 69. Rb1 Kf4 70. Rd1 Kg3 71. Rd8 Rxd8 72. Kxd8
f1=Q 73. b8=Q+ Kxh4 74. Ke7 Qf2 75. Qb4+ Kg3 76. Qd6+ Kg4 77. Qe6+ f5 78. Qg6+
Kh4 79. Qf6+ Kg4 80. Qg6+ Kh4 81. Qf6+ Kh3 82. Qc3+ Qg3 83. Qc8 Qe5+ 84. Kf7 h4
85. Kg6 Kg4 86. Qc1 Qd6+ 87. Kf7 h3 88. Qg1+ Qg3 89. Qd4+ Qf4 90. Qg1+ Kh4 91.
Qe1+ Kh5 92. Qe2+ Qg4 93. Qf2 f4 94. Qc5+ Qg5 95. Qf2 Qg3 96. Qc5+ Kh4 97. Qe7+
Qg5 98. Qe1+ Kg4 99. Qg1+ Kh5 100. Qd1+ Qg4 101. Qd5+ Kh4 102. Qd8+ Kg3 103.
Qd3+ f3 104. Qf1 f2 105. Ke7 Qe4+ 106. Kd7 Qe1 107. Qd3+ Kg2 108. Qg6+ Kh1 109.
Qc6+ Kg1 110. Qg6+ Kf1 111. Qh5 Qd2+ 112. Ke6 Qe3+ 113. Kd7 Kg1 114. Qg4+ Kh2
115. Qg6 Qg3 116. Qc2 Qg2 117. Qc6 Qg3 118. Qc5 Qg2 119. Qc7+
1/2-1/2

[Event "Oslo Chess International 2014"]
[Site "Oslo"]
[Date "2014.09.28"]
[Round "6"]
[White "Gledura, Benjamin"]
[Black "Gara, Anita"]
[Result "1-0"]
[WhiteElo "2414"]
[BlackElo "2322"]
[PlyCount "109"]
[EventDate "2014.??.??"]

1. Nf3 Nf6 2. g3 g6 3. b3 Bg7 4. Bb2 d6 5. d4 O-O 6. Bg2 e5 7. dxe5 Nfd7 8. O-O
Nc6 9. c4 dxe5 10. Nfd2 f5 11. Nc3 e4 12. Rb1 Nf6 13. Qc1 Be6 14. Rd1 Qe8 15.
Nf1 Qf7 16. Nb5 Rad8 17. Nd4 Nxd4 18. Bxd4 Ng4 19. Bxa7 Rxd1 20. Qxd1 Ra8 21.
Bc5 b6 22. Bb4 c5 23. Be1 Rxa2 24. Qd8+ Bf8 25. Bd2 Ra6 26. Bf4 Qe7 27. Qb8 Qa7
28. Qd8 Qe7 29. Rd1 Qxd8 30. Rxd8 Kf7 31. Rb8 Nf6 32. f3 Nd7 33. Rb7 Ra2 34.
fxe4 fxe4 35. Nd2 h6 36. Bxe4 g5 37. Be3 Kg8 38. h4 gxh4 39. gxh4 Bg7 40. Bd5
Ra1+ 41. Kf2 Bxd5 42. cxd5 Nf6 43. d6 Ra8 44. Bf4 Nd5 45. Bg3 Bd4+ 46. Kg2 Ne3+
47. Kh3 Nf5 48. Bf4 Rd8 49. Nc4 Re8 50. d7 Rd8 51. Nxb6 Bf6 52. Bc7 Rf8 53. e4
Nxh4 54. Nd5 Bg5 55. d8=Q
1-0

[Event "Oslo Chess International 2014"]
[Site "Oslo"]
[Date "2014.09.28"]
[Round "6"]
[White "Bellia, Fabrizio"]
[Black "Arvola, Benjamin"]
[Result "1-0"]
[WhiteElo "2408"]
[BlackElo "2318"]
[PlyCount "151"]
[EventDate "2014.??.??"]

1. d4 Nf6 2. c4 e6 3. Nf3 b6 4. e3 Bb7 5. Bd3 Be7 6. O-O O-O 7. Nbd2 c5 8. b3
d6 9. Bb2 Nbd7 10. a3 a6 11. Qe2 Ra7 12. Rfe1 Qa8 13. e4 cxd4 14. Nxd4 Re8 15.
b4 Bd8 16. N4f3 Bc7 17. Bc2 Rc8 18. Rac1 Qb8 19. h3 Ba8 20. Ba4 Bd8 21. Bc2
Rac7 22. Bd3 Be7 23. e5 dxe5 24. Nxe5 Qb7 25. Ndf3 Rf8 26. Nxd7 Nxd7 27. Qc2 h6
28. Bh7+ Kh8 29. Be4 Qc8 30. Ne5 Nf6 31. Bxa8 Qxa8 32. Bd4 Qb7 33. Qb2 Kg8 34.
Ng4 Nh5 35. Be5 Rd7 36. Qe2 Bg5 37. Rcd1 Nf4 38. Bxf4 Bxf4 39. g3 Bd6 40. Rd3
Rfd8 41. Red1 Bf8 42. Ne5 Rxd3 43. Rxd3 Rxd3 44. Qxd3 Qc7 45. Qe4 a5 46. Nd3
Qa7 47. Qd4 axb4 48. axb4 Qa4 49. b5 Qc2 50. Kg2 Qd2 51. Qe4 Qc2 52. Nc5 Qd2
53. Qd3 Qg5 54. Nd7 Qd8 55. Ne5 Qc7 56. Qe4 Qd8 57. Qb7 f6 58. Qf7+ Kh7 59. Nd7
Qa8+ 60. Kh2 Bb4 61. Nxf6+ Kh8 62. Ne8 Qa1 63. Qxe6 Bc5 64. Nd6 Qf1 65. Ne4 Bd4
66. Qd7 Qxc4 67. Kg2 Qd3 68. Qc8+ Kh7 69. Qf5+ Kh8 70. h4 Bb2 71. h5 Bd4 72.
Qd5 Kh7 73. g4 Kh8 74. g5 hxg5 75. Nxg5 Qd2 76. Qd8#
1-0

[Event "Oslo Chess International 2014"]
[Site "Oslo"]
[Date "2014.09.28"]
[Round "6"]
[White "Djurovic, Goran"]
[Black "Mihajlov, Svetoslav"]
[Result "1-0"]
[WhiteElo "2408"]
[BlackElo "2154"]
[PlyCount "97"]
[EventDate "2014.??.??"]

1. c4 Nf6 2. Nf3 c6 3. d4 d5 4. e3 e6 5. Nbd2 Nbd7 6. b3 Bd6 7. Bb2 O-O 8. Bd3
c5 9. O-O cxd4 10. exd4 b6 11. Qe2 Bb7 12. Ne5 Rc8 13. f4 Nb8 14. g4 g6 15. g5
Nh5 16. Qe3 Ng7 17. Ng4 Nd7 18. Nh6+ Kh8 19. Nf3 Nf5 20. Nxf5 exf5 21. c5 Re8
22. Qd2 Bf8 23. b4 Bg7 24. Ne5 Nxe5 25. fxe5 Bf8 26. Qf4 Re6 27. Rac1 Be7 28.
h4 h6 29. Rf3 bxc5 30. bxc5 Ba6 31. Bc2 Be2 32. Rg3 Bg4 33. Rxg4 fxg4 34. Qxf7
Qg8 35. Qf4 h5 36. Rf1 Rf8 37. Qc1 Rd8 38. Bb3 Rc6 39. Qf4 Rf8 40. Qg3 Rd8 41.
Qf2 Kg7 42. Bc1 Qe6 43. Qe3 Rdc8 44. Rf6 Bxf6 45. gxf6+ Kf7 46. Qh6 Ke8 47.
Qh8+ Kd7 48. Qg7+ Ke8 49. Bd1
1-0

[Event "Oslo Chess International 2014"]
[Site "Oslo"]
[Date "2014.09.28"]
[Round "6"]
[White "Nilsen, Joachim B."]
[Black "Raghavi, Nagarjan"]
[Result "1-0"]
[WhiteElo "2363"]
[BlackElo "2253"]
[PlyCount "57"]
[EventDate "2014.??.??"]

1. c4 Nf6 2. g3 e6 3. Bg2 d5 4. Nf3 c5 5. O-O Nc6 6. cxd5 Nxd5 7. Nc3 Nc7 8. d3
e5 9. Nd2 Be7 10. Nc4 O-O 11. Bxc6 bxc6 12. Nxe5 Qe8 13. Kg2 f6 14. Nc4 Qh5 15.
Kg1 Bg4 16. Qa4 Nb5 17. f3 Bh3 18. Rf2 Nd4 19. Be3 Rfe8 20. Bxd4 cxd4 21. Ne4
c5 22. Qc6 Rad8 23. g4 Qh4 24. Ncd6 Bxd6 25. Qd5+ Kh8 26. Nxd6 Rd7 27. Qxc5 Re5
28. Qb4 Kg8 29. Qb8+
1-0

[Event "Oslo Chess International 2014"]
[Site "Oslo"]
[Date "2014.09.28"]
[Round "6"]
[White "Basso, Pier Luigi"]
[Black "Kjølberg, Jens Hjorth"]
[Result "1-0"]
[WhiteElo "2322"]
[BlackElo "2058"]
[PlyCount "119"]
[EventDate "2014.??.??"]

1. b3 Nf6 2. Bb2 g6 3. Bxf6 exf6 4. c4 d5 5. cxd5 Qxd5 6. Nc3 Qa5 7. g3 c6 8.
Bg2 Bg7 9. Nf3 O-O 10. O-O Rd8 11. Qc2 Na6 12. a3 Qh5 13. Rfd1 Bf5 14. d3 Bh3
15. Rab1 Bxg2 16. Kxg2 Qa5 17. Qc1 f5 18. b4 Qc7 19. d4 Qe7 20. e3 Nc7 21. Qc2
Ne6 22. Qb3 Rac8 23. a4 h6 24. Qc2 Qd7 25. Rbc1 f4 26. Qe2 fxe3 27. fxe3 Qe7
28. Qc4 Kh7 29. Re1 Qd7 30. Ne4 b6 31. Nf2 c5 32. dxc5 bxc5 33. b5 Qe7 34. Rb1
Qb7 35. h4 Qc7 36. h5 g5 37. Re2 Kg8 38. Rc2 Rd7 39. Ra2 Rcd8 40. a5 Qb7 41. b6
axb6 42. axb6 Ra8 43. Rxa8+ Qxa8 44. Qb5 Rb7 45. Qc6 Nd8 46. Qe8+ Bf8 47. Rd1
Rb8 48. Ng4 Qa2+ 49. Rd2 Qe6 50. Rxd8 Rxd8 51. Qxd8 Qxg4 52. b7 Qc4 53. b8=Q
Qe2+ 54. Kh3 Qf1+ 55. Kg4 f5+ 56. Kxf5 Qxf3+ 57. Ke5 Qxe3+ 58. Kd5 Qf3+ 59. Kc4
Qe2+ 60. Qd3
1-0

[Event "Oslo Chess International 2014"]
[Site "Oslo"]
[Date "2014.09.28"]
[Round "6"]
[White "Djurhuus, Eivind X"]
[Black "Haugli, Petter"]
[Result "1-0"]
[WhiteElo "2105"]
[BlackElo "2277"]
[PlyCount "47"]
[EventDate "2014.??.??"]

1. c4 f5 2. g3 Nf6 3. Bg2 g6 4. Nc3 Bg7 5. d3 O-O 6. e4 fxe4 7. dxe4 e5 8. Nge2
d6 9. O-O Be6 10. b3 Qd7 11. Qc2 Na6 12. a3 Rad8 13. Nd5 c6 14. Nxf6+ Bxf6 15.
Be3 b6 16. Rad1 Qe7 17. h4 Nc5 18. b4 Nb7 19. Rd2 c5 20. Rc1 Qf7 21. Qa4 Ra8
22. bxc5 dxc5 23. Nc3 Bxc4 24. Rd7
1-0

[Event "Oslo Chess International 2014"]
[Site "Oslo"]
[Date "2014.09.28"]
[Round "6"]
[White "Merkesvik, Sondre"]
[Black "Sousa, Ludy Helsio P"]
[Result "1-0"]
[WhiteElo "2179"]
[BlackElo "2228"]
[PlyCount "95"]
[EventDate "2014.??.??"]

1. e4 c5 2. Nf3 d6 3. d4 cxd4 4. Qxd4 Nc6 5. Bb5 Bd7 6. Bxc6 bxc6 7. c4 e5 8.
Qd3 Be7 9. Nc3 Qb6 10. O-O Nf6 11. Rb1 h6 12. b4 Qc7 13. a4 O-O 14. Ba3 Be6 15.
Rfc1 a6 16. Nh4 Nh5 17. Nf5 Nf4 18. Qf1 Bxf5 19. exf5 Qd7 20. g3 Nh5 21. Qd3
Nf6 22. Rd1 Rfd8 23. b5 axb5 24. cxb5 cxb5 25. Rxb5 Qc6 26. Nd5 Nxd5 27. Qxd5
Qxd5 28. Rbxd5 Ra6 29. a5 h5 30. Rb1 Rda8 31. Rbb5 g6 32. f6 Bf8 33. h4 Rc6 34.
Kg2 g5 35. hxg5 Kh7 36. Bb4 Kg6 37. Rb6 Rxb6 38. axb6 Rb8 39. Bxd6 Bxd6 40.
Rxd6 Kxg5 41. Kf3 Kf5 42. Ke3 Ra8 43. b7 Rb8 44. Rb6 e4 45. Kd4 e3 46. fxe3 Kg4
47. Kc5 Kxg3 48. Kc6
1-0

[Event "Oslo Chess International 2014"]
[Site "Oslo"]
[Date "2014.09.28"]
[Round "6"]
[White "Wallace, Paul"]
[Black "Hanssen, Gunnar B."]
[Result "0-1"]
[WhiteElo "2200"]
[BlackElo "2204"]
[PlyCount "74"]
[EventDate "2014.??.??"]

1. e4 c6 2. d4 d5 3. e5 Bf5 4. Be3 e6 5. Nd2 Nd7 6. Ngf3 Ne7 7. Be2 Bg6 8. O-O
Nf5 9. c4 Be7 10. cxd5 cxd5 11. Qb3 Rb8 12. a4 O-O 13. a5 a6 14. Qa2 Rc8 15.
Rfc1 Nb8 16. Nb3 Nc6 17. Bd2 Bh5 18. Qa4 Qd7 19. h3 Nh4 20. g4 Nxf3+ 21. Bxf3
Bg6 22. Be2 Rc7 23. Nc5 Qc8 24. Nd3 f5 25. Be3 fxg4 26. hxg4 Be4 27. Qd1 Nb4
28. Nxb4 Bxb4 29. Qa4 Be7 30. Rxc7 Qxc7 31. Rc1 Qd8 32. Qb3 Bg5 33. Bxg5 Qxg5
34. Rc3 Qd2 35. Qd1 Qxb2 36. Rb3 Qa2 37. f3 Bc2
0-1

[Event "Oslo Chess International 2014"]
[Site "Oslo"]
[Date "2014.09.28"]
[Round "6"]
[White "Wieweg, Johnny"]
[Black "Lillevold, Frode"]
[Result "1-0"]
[WhiteElo "2140"]
[BlackElo "2199"]
[PlyCount "41"]
[EventDate "2014.??.??"]

1. e4 e5 2. Nc3 Nf6 3. Bc4 Nc6 4. d3 Bb4 5. Nge2 d5 6. exd5 Nxd5 7. O-O Bxc3 8.
Nxc3 Be6 9. Bxd5 Bxd5 10. Qg4 Ne7 11. Re1 Ng6 12. f4 Be6 13. f5 Bd7 14. Qe4 Bc6
15. Qe3 Nh4 16. Qxe5+ Kf8 17. Ne4 Qd5 18. Qxd5 Bxd5 19. Rf1 g6 20. Bh6+ Kg8 21.
Nf6#
1-0

[Event "Oslo Chess International 2014"]
[Site "Oslo"]
[Date "2014.09.28"]
[Round "6"]
[White "Pranav, Vijay"]
[Black "Bjerke, Richard"]
[Result "1/2-1/2"]
[WhiteElo "2197"]
[BlackElo "2172"]
[PlyCount "49"]
[EventDate "2014.??.??"]

1. d4 Nf6 2. c4 e6 3. g3 Bb4+ 4. Bd2 c5 5. Bg2 O-O 6. Nf3 d6 7. O-O Nc6 8. Bxb4
cxb4 9. a3 bxa3 10. Nxa3 e5 11. d5 Nb4 12. Qb3 a5 13. Nc2 Nxc2 14. Qxc2 Bg4 15.
Qb3 b6 16. Qa4 Rc8 17. Rfc1 Rc5 18. e3 Bxf3 19. Bxf3 Qc7 20. e4 Rc8 21. b4 axb4
22. Qxb4 b5 23. Ra6 bxc4 24. Qb6 Ne8 25. Bg4
1/2-1/2

[Event "Oslo Chess International 2014"]
[Site "Oslo"]
[Date "2014.09.28"]
[Round "6"]
[White "Einarsen, Kenneth"]
[Black "Haug, Johannes"]
[Result "0-1"]
[WhiteElo "2106"]
[BlackElo "2194"]
[PlyCount "70"]
[EventDate "2014.??.??"]

1. d4 Nf6 2. c4 e6 3. Nf3 Bb4+ 4. Bd2 Bxd2+ 5. Qxd2 O-O 6. g3 b6 7. Bg2 Bb7 8.
O-O d6 9. Nc3 Nbd7 10. Rfe1 e5 11. Nxe5 Bxg2 12. Nxd7 Qxd7 13. Kxg2 Qc6+ 14.
Nd5 Nxd5 15. cxd5 Qxd5+ 16. e4 Qh5 17. f4 Rae8 18. Qe2 Qg6 19. Rac1 c5 20. dxc5
dxc5 21. Qc4 Rd8 22. Rcd1 b5 23. Qxc5 Rxd1 24. Rxd1 Qxe4+ 25. Kh3 Qe6+ 26. f5
Qe2 27. Rd7 Qf1+ 28. Kh4 Qg2 29. h3 Qe4+ 30. g4 Qe1+ 31. Kh5 g6+ 32. Kg5 h6+
33. Kf6 Re8 34. Rxf7 Qh4+ 35. Kxg6 Qg5#
0-1

[Event "Oslo Chess International 2014"]
[Site "Oslo"]
[Date "2014.09.28"]
[Round "6"]
[White "Gonzàlez, Francisco Silva"]
[Black "Goossens, Hanne"]
[Result "0-1"]
[WhiteElo "2130"]
[BlackElo "2187"]
[PlyCount "138"]
[EventDate "2014.??.??"]

1. d4 Nf6 2. c4 e6 3. Nc3 Bb4 4. Qc2 O-O 5. a3 Bxc3+ 6. Qxc3 b5 7. cxb5 c6 8.
f3 Nd5 9. Qd3 cxb5 10. e4 Nb6 11. Ne2 Ba6 12. b4 Nc6 13. Be3 Nc4 14. Bf2 Ne7
15. g3 Bb7 16. Bg2 f5 17. O-O a6 18. Nc1 d6 19. Qe2 Qd7 20. Nd3 Rae8 21. Rfd1
Nc8 22. e5 d5 23. Nc5 Qc6 24. f4 Ne7 25. a4 Ra8 26. Rdc1 Rfb8 27. h3 Bc8 28. g4
Bd7 29. Kh2 Be8 30. Bh4 Ng6 31. Bg3 Ne7 32. Ra2 Qc8 33. a5 Nc6 34. gxf5 Nxd4
35. Qd3 Nxf5 36. Nxe6 Bf7 37. Ng5 Ra7 38. e6 Bg6 39. Bxd5 Ne7 40. Qd4 Nxd5 41.
Qxd5 Qb7 42. Qxb7 Rbxb7 43. Rd2 Ra8 44. Rd4 Re7 45. Rcd1 h6 46. Rd7 Ree8 47. f5
Bxf5 48. Nf3 Bxe6 49. Rc7 Rac8 50. Rxc8 Bxc8 51. Nd4 Kh7 52. Rf1 Re4 53. Rf8
Bb7 54. Bf2 Re7 55. Nf5 Rd7 56. h4 h5 57. Bc5 Be4 58. Nd4 Ne3 59. Re8 Ng4+ 60.
Kg3 Bb7 61. Ne6 Rd3+ 62. Kf4 Kg6 63. Nd4 Bd5 64. Rd8 Bg2 65. Rd6+ Nf6 66. Rxa6
Rh3 67. Ne6 Kh6 68. Bf8 Rxh4+ 69. Kf5 Bh3+
0-1

[Event "Oslo Chess International 2014"]
[Site "Oslo"]
[Date "2014.09.28"]
[Round "6"]
[White "Andersen, Alf Roger"]
[Black "Harstad, Christian"]
[Result "1/2-1/2"]
[WhiteElo "2170"]
[BlackElo "2002"]
[PlyCount "110"]
[EventDate "2014.??.??"]

1. e4 e5 2. Nf3 Nc6 3. d4 exd4 4. Nxd4 Nf6 5. Nxc6 bxc6 6. e5 Qe7 7. Qe2 Nd5 8.
c4 Ba6 9. g3 O-O-O 10. b3 Re8 11. Bb2 f6 12. Nd2 fxe5 13. Bh3 e4 14. O-O-O Nf6
15. Rhe1 Kb8 16. Nf1 d5 17. Ne3 Qc5 18. Kb1 Qa5 19. Rc1 Bc5 20. Red1 Rd8 21.
Nc2 dxc4 22. bxc4 Ka8 23. Bg2 Rb8 24. Nd4 Qb6 25. Nb3 Bxf2 26. Bxf6 gxf6 27.
Qxe4 Qb4 28. Qf4 Bc5 29. Qxf6 Rhf8 30. Bxc6+ Bb7 31. Bxb7+ Qxb7 32. Qb2 a5 33.
Rc2 Be7 34. Nxa5 Qa6 35. Nb3 Bf6 36. Rc3 Bxc3 37. Qxc3 Rf2 38. Rd2 Rf1+ 39. Kb2
Rbf8 40. Qd3 Qf6+ 41. Ka3 Qa6+ 42. Kb2 Qf6+ 43. Ka3 Qa6+ 44. Kb2 R1f2 45. Qxh7
Qxc4 46. Qd7 R8f3 47. Rxf2 Rxf2+ 48. Nd2 Rxh2 49. Qe8+ Kb7 50. Qe3 Qb4+ 51. Kc1
Rh1+ 52. Kc2 Qa4+ 53. Kb2 Qb4+ 54. Kc2 Qa4+ 55. Kb2 Qb4+
1/2-1/2

[Event "Oslo Chess International 2014"]
[Site "Oslo"]
[Date "2014.09.28"]
[Round "7"]
[White "Istratescu, Andrei"]
[Black "Turov, Maxim"]
[Result "1/2-1/2"]
[WhiteElo "2653"]
[BlackElo "2586"]
[PlyCount "77"]
[EventDate "2014.??.??"]

1. Nf3 Nf6 2. c4 g6 3. Nc3 d5 4. cxd5 Nxd5 5. Qb3 Nb6 6. d4 Bg7 7. Bf4 Be6 8.
Qa3 Nc6 9. e3 O-O 10. Be2 a5 11. Qc5 Nd7 12. Qb5 Nb4 13. O-O Nb6 14. a3 c6 15.
Qc5 Nd7 16. Qg5 Nd5 17. Nxd5 Bxd5 18. Qh4 Bxf3 19. Bxf3 e5 20. Bg5 f6 21. Bh6
Bxh6 22. Qxh6 exd4 23. exd4 Nb6 24. Rfe1 Nd5 25. h4 Qd7 26. Bxd5+ Qxd5 27. Re7
Rf7 28. Rae1 Raf8 29. Qf4 Qd8 30. R7e4 Rd7 31. h5 gxh5 32. Qh6 f5 33. Re6 Rg7
34. Qxh5 Qd5 35. Qh3 Qxd4 36. R6e5 Kh8 37. Re8 Rxe8 38. Rxe8+ Rg8 39. Rxg8+
1/2-1/2

[Event "Oslo Chess International 2014"]
[Site "Oslo"]
[Date "2014.09.28"]
[Round "7"]
[White "Svane, Rasmus"]
[Black "Romanov, Evgeny"]
[Result "1-0"]
[WhiteElo "2506"]
[BlackElo "2647"]
[PlyCount "113"]
[EventDate "2014.??.??"]

1. d4 g6 2. c4 Bg7 3. Nf3 d6 4. Nc3 Bg4 5. e3 Nc6 6. Be2 e5 7. Nxe5 dxe5 8.
Bxg4 exd4 9. exd4 Nxd4 10. Qa4+ c6 11. O-O Ne7 12. Bg5 f6 13. Be3 f5 14. Bxd4
Qxd4 15. Bf3 O-O-O 16. Qa3 Bf6 17. Rfe1 Rhe8 18. Rad1 Qxc4 19. Qxa7 Bd4 20.
Qa8+ Kc7 21. Rxd4 Qxd4 22. Nb5+ cxb5 23. Qxb7+ Kd6 24. Qa6+ Kc7 25. Qb7+ Kd6
26. Qa6+ Kc7 27. Rc1+ Kd7 28. Rd1 Qxd1+ 29. Bxd1 Nc6 30. Kf1 Nd4 31. Qa7+ Ke6
32. Qxh7 Kf6 33. g3 Re4 34. Qc7 Ne6 35. Qc3+ Ke7 36. Bb3 b4 37. Qc6 Rd6 38.
Qb7+ Kf6 39. h4 Rd2 40. Bxe6 Kxe6 41. Qg7 Rg4 42. Ke1 Rd7 43. Qg8+ Kf6 44. Qf8+
Ke6 45. a3 bxa3 46. bxa3 Re4+ 47. Kf1 Ra7 48. Qh6 Kf6 49. h5 Rg7 50. f4 Re8 51.
Qg5+ Ke6 52. g4 Rf8 53. hxg6 Rf6 54. Kg2 Rg8 55. a4 Rgf8 56. a5 fxg4 57. Qe5+
1-0

[Event "Oslo Chess International 2014"]
[Site "Oslo"]
[Date "2014.09.28"]
[Round "7"]
[White "Gledura, Benjamin"]
[Black "Rozentalis, Eduardas"]
[Result "1/2-1/2"]
[WhiteElo "2414"]
[BlackElo "2615"]
[PlyCount "110"]
[EventDate "2014.??.??"]

1. Nf3 d5 2. d4 Nf6 3. c4 e6 4. g3 dxc4 5. Bg2 Bd7 6. Ne5 Bc6 7. Nxc6 Nxc6 8.
O-O Be7 9. e3 Nd5 10. Qe2 Nb6 11. Bd2 O-O 12. Bc3 Rb8 13. Nd2 Nd5 14. a4 e5 15.
dxe5 Nxc3 16. bxc3 Nxe5 17. Nxc4 Qd3 18. Qxd3 Nxd3 19. Na5 Nc5 20. Rfb1 c6 21.
Nb3 Rfd8 22. Nxc5 Bxc5 23. Rd1 Kf8 24. Kf1 Be7 25. Ke2 Bf6 26. Rxd8+ Rxd8 27.
Rb1 Rd7 28. Bh3 Rc7 29. c4 Be7 30. Rd1 Ke8 31. Bf5 g6 32. Bd3 Bc5 33. Rb1 Re7
34. h4 h5 35. Rb3 Kd8 36. Rb1 Kc7 37. Rb3 Kd6 38. Rb1 Bb6 39. Rb3 Kc5 40. Rb1
Ba5 41. Rb3 Bb4 42. Rb2 a6 43. Rb1 b6 44. Rb2 Rb7 45. Rb1 Bc3 46. Rb3 Bf6 47.
Rb1 Bg7 48. Be4 Bc3 49. Kd3 Ba5 50. Ke2 Bb4 51. Bd3 Rb8 52. Rb2 Bc3 53. Rb3 Bf6
54. Rb1 Bg7 55. Kd2 Rd8
1/2-1/2

[Event "Oslo Chess International 2014"]
[Site "Oslo"]
[Date "2014.09.28"]
[Round "7"]
[White "Prohaszka, Peter"]
[Black "Galyas, Miklos"]
[Result "1-0"]
[WhiteElo "2588"]
[BlackElo "2421"]
[PlyCount "125"]
[EventDate "2014.??.??"]

1. Nf3 d6 2. d4 g6 3. g3 Bg7 4. Bg2 Nf6 5. O-O O-O 6. c4 c6 7. Nc3 Bf5 8. b3
Ne4 9. Bb2 Nxc3 10. Bxc3 Be4 11. Qd2 Na6 12. Rfd1 Nc7 13. Qe3 d5 14. Bh3 Ne8
15. Nh4 Nd6 16. f3 Bc2 17. Rd2 Nf5 18. Nxf5 Bxf5 19. Bxf5 gxf5 20. Qd3 e6 21.
e4 fxe4 22. fxe4 dxe4 23. Qxe4 Qg5 24. Rf1 Rad8 25. Rdf2 Qg6 26. Qe3 Rd7 27. d5
Bxc3 28. Qxc3 cxd5 29. cxd5 Rxd5 30. Qc7 Rg5 31. Qxb7 a5 32. Rf6 Qg7 33. Kh1
Rg6 34. R6f3 f5 35. Qb5 Qc7 36. Re1 f4 37. Qe5 Qc6 38. Qe4 Qxe4 39. Rxe4 fxg3
40. Rxg3 Rf2 41. Ra4 Rf5 42. Kg2 Kf7 43. Rh4 h5 44. Rxg6 Kxg6 45. Kg3 Rd5 46.
Rf4 Rd3+ 47. Rf3 Rd2 48. Rf2 Rd3+ 49. Kf4 Rd5 50. Ke4 Kg5 51. a3 Kg4 52. b4
axb4 53. axb4 Rb5 54. Rg2+ Kh3 55. Rb2 e5 56. Kf5 h4 57. Kg5 e4+ 58. Kf4 e3 59.
Kxe3 Kg4 60. Kd4 Kh3 61. Kc4 Rb8 62. b5 Rc8+ 63. Kd5
1-0